MARC

LEADER 00000nam0a2200000 4500
001 41833
005 20231031014716.0
010 |a 5267005096 
035 |a (RuTPU)RU\TPU\book\42975 
090 |a 41833 
100 |a 20020703d2002 m y0rusy50 ca 
101 1 |a rus 
102 |a RU 
105 |a a z 001zy 
200 1 |a Корпоративный документооборот  |e принципы, технологии, методология внедрения  |e пер. с англ.  |f М. Дж. Д. Саттон 
210 |a СПб.  |c Азбука  |c БМикро  |d 2002 
215 |a 448 с.  |c ил. 
320 |a Библиогр.: с. 410-416. 
320 |a Глоссарий: с. 393-407. 
610 1 |a экономика 
610 1 |a бизнес 
610 1 |a документооборот 
610 1 |a фирмы 
610 1 |a корпоративный документооборот 
610 1 |a делопроизводство 
610 1 |a управление 
610 1 |a информационные технологии 
610 1 |a ресурсы 
610 1 |a планирование 
610 1 |a производство 
610 1 |a производительность 
610 1 |a закупки 
610 1 |a материально-производственные затраты 
610 1 |a материально-производственные запасы 
610 1 |a заказы 
610 1 |a складской менеджмент 
610 1 |a качество 
610 1 |a продукция 
610 1 |a программное обеспечение 
675 |a 651.4/.9  |v 3 
700 1 |a Саттон  |b М. Дж. Д.  |g Майкл Дж. Д. 
801 1 |a RU  |b 63413507  |c 20020703  |g PSBO 
801 2 |a RU  |b 63413507  |c 20190603  |g PSBO 
900 |a Документационное обеспечение управления социально-культурного сервиса и туризма 
942 |c BK